00288 a2200097 4500245011900000100001800119700001800137700001500155260000900170300001100179 aSanté et médecines naturelles : la santé par les plantes, remèdes du monde entier, médicaments ignorés aJulian, O. A. aSanamés, R. aHaffen, M. c1976 a550 p.